<?xml version="1.0" encoding="UTF-8"?>
<record
    xmlns:xsi="http://www.w3.org/2001/XMLSchema-instance"
    xsi:schemaLocation="http://www.loc.gov/MARC21/slim http://www.loc.gov/standards/marcxml/schema/MARC21slim.xsd"
    xmlns="http://www.loc.gov/MARC21/slim">

  <leader>03103nam a22003017a 4500</leader>
  <controlfield tag="003">DO-SdBNP</controlfield>
  <controlfield tag="005">20220906090339.0</controlfield>
  <controlfield tag="008">171115b    2001 mx|| |||| 00| 0 spa d</controlfield>
  <datafield tag="020" ind1=" " ind2=" ">
    <subfield code="a">9701029062</subfield>
  </datafield>
  <datafield tag="040" ind1=" " ind2=" ">
    <subfield code="a">BPMSU</subfield>
    <subfield code="b">spa</subfield>
    <subfield code="c">BPMSU</subfield>
  </datafield>
  <datafield tag="082" ind1=" " ind2=" ">
    <subfield code="a">658.4</subfield>
    <subfield code="b">T468a 2001</subfield>
    <subfield code="2">22</subfield>
  </datafield>
  <datafield tag="100" ind1="1" ind2=" ">
    <subfield code="a">Thompson, Arthur A.</subfield>
    <subfield code="d"> 1940-</subfield>
  </datafield>
  <datafield tag="245" ind1="1" ind2="0">
    <subfield code="a">Administraci&#xF3;n estrat&#xE9;gica :</subfield>
    <subfield code="b">conceptos y casos /</subfield>
    <subfield code="c">Arthur A. Thompson, A. J. Stricklan ; traducci&#xF3;n Guadalupe Meza Staines</subfield>
  </datafield>
  <datafield tag="250" ind1=" " ind2=" ">
    <subfield code="a">11a ed.</subfield>
  </datafield>
  <datafield tag="260" ind1=" " ind2=" ">
    <subfield code="a">M&#xE9;xico :</subfield>
    <subfield code="b">McGraw-Hill ;</subfield>
    <subfield code="c">2001</subfield>
  </datafield>
  <datafield tag="300" ind1=" " ind2=" ">
    <subfield code="a">xx, 1034 p. ;</subfield>
    <subfield code="c">27 cm.</subfield>
  </datafield>
  <datafield tag="500" ind1=" " ind2=" ">
    <subfield code="a">Incluye biliograf&#xED;a e &#xED;ndice.</subfield>
  </datafield>
  <datafield tag="500" ind1=" " ind2=" ">
    <subfield code="a">Incluye referencias bibliogr&#xE1;ficas y notas al pie de las p&#xE1;ginas</subfield>
  </datafield>
  <datafield tag="505" ind1="0" ind2=" ">
    <subfield code="a">PARTE UNO : LOS CONCEPTOS Y LAS TECNICAS DE LA ADMINISTRACION ESTRATEGICA 1 -- El proceso de la administraci&#xF3;n estrat&#xE9;gica : una perspectiva general 2 -- Establecimiento de la direcci&#xF3;n de la compa&#xF1;&#xED;a; desarrollo de una visi&#xF3;n estrat&#xE9;gica, determinaci&#xF3;n de objetivos y creaci&#xF3;n de una estrategia 32 -- An&#xE1;lisis industrial y competitivo 74 -- Evaluaci&#xF3;n de los recursos y las capacidades competitivas de la compa&#xF1;&#xED;a 116 -- Estrategia y ventaja competitiva 150 -- Estrategias para competir en mercados globalizados 200 -- Modelos y estrategias de negocios en la era de internet 226 -- Adecuaci&#xF3;n de la estrategia para adaptarla a la situaci&#xF3;n espec&#xED;fica de cada industria y compa&#xF1;&#xED;a 260 -- La estrategia y la ventaja competitiva en compa&#xF1;&#xED;as diversificadas 292 -- Creaci&#xF3;n de las estrategias de las compa&#xF1;&#xED;as diversificadas 330 -- Administraci&#xF3;n de la organizaci&#xF3;n interna para promover una mejor ejecuci&#xF3;n de la estrategia 388 -- Cultura corporativa y liderazgo : claves de la ejecuci&#xF3;n eficaz de la estrategia 416 -- PARTE DOS: CASOS DE ADMINISTRACION ESTRATEGICA C-1 -- Gu&#xED;a del an&#xE1;lisis de casos C-2 -- El maquillaje de Andrea Jung a Avon Products, Inc. C-17 -- El alimentador solar C-49 -- ZAP y la industria del veh&#xED;culo el&#xE9;ctrico C-60 -- Dakota Growers Pasta C-80 -- Colorado Creative Music C-101 -- Azalea Seafood Gumbo Shoppe C-116 -- Competencia en la industria global del vino : perspectiva de Estados Unidos C-135 -- Krispy Kreme Doughnuts, Inc. C-156 -- Chicagotribune.com C-179 -- eBay en 2002 : los retos del crecimiento sostenido C-195 -- Fedex Corporation : transformaci&#xF3;n estructural a trav&#xE9;s del comercio electr&#xF3;nico C-230 -- La adquisici&#xF3;n de Quaker Oats por PepsiCo C-248 -- Avid Technology, Inc. C-281 -- Moss Adams LLP C-294 -- Perdue Farms, Inc. : responde a los retos del siglo XXI C-307 -- Gordon Behtune y el retorno de Continental Airlines C-332 -- DoubleClick Inc. : colecta de inteligencia del cliente C-363 -- South African Breweries : logro del crecimiento en el mercado global de la cerveza C-376</subfield>
  </datafield>
  <datafield tag="534" ind1=" " ind2=" ">
    <subfield code="a">T&#xED;tulo original:,</subfield>
    <subfield code="t">Strategic management: concepts and cases.</subfield>
  </datafield>
  <datafield tag="590" ind1=" " ind2=" ">
    <subfield code="8">Inventariado, 2022/VM</subfield>
  </datafield>
  <datafield tag="650" ind1=" " ind2="4">
    <subfield code="a">Administraci&#xF3;n de empresas.</subfield>
  </datafield>
  <datafield tag="650" ind1=" " ind2="4">
    <subfield code="a">Planificaci&#xF3;n empresarial.</subfield>
  </datafield>
  <datafield tag="700" ind1="1" ind2=" ">
    <subfield code="a">Strickland, A. J.</subfield>
  </datafield>
  <datafield tag="700" ind1="1" ind2=" ">
    <subfield code="a">S&#xE1;nchez Carri&#xF3;n, Miguel Angel, </subfield>
    <subfield code="e">tr.</subfield>
  </datafield>
  <datafield tag="910" ind1=" " ind2=" ">
    <subfield code="a">VMateo V.</subfield>
  </datafield>
  <datafield tag="942" ind1=" " ind2=" ">
    <subfield code="2">ddc</subfield>
    <subfield code="c">BK</subfield>
  </datafield>
  <datafield tag="952" ind1=" " ind2=" ">
    <subfield code="0">0</subfield>
    <subfield code="1">0</subfield>
    <subfield code="2">ddc</subfield>
    <subfield code="4">0</subfield>
    <subfield code="7">0</subfield>
    <subfield code="8">CG</subfield>
    <subfield code="a">BPMET</subfield>
    <subfield code="b">BPMET</subfield>
    <subfield code="d">2017-11-15</subfield>
    <subfield code="e">Leyda Astacio</subfield>
    <subfield code="o">BPMSU CG 658.4 T468a 2001 </subfield>
    <subfield code="p">BPMSU17110197</subfield>
    <subfield code="r">2017-11-15</subfield>
    <subfield code="w">2017-11-15</subfield>
    <subfield code="y">BK</subfield>
  </datafield>
  <datafield tag="999" ind1=" " ind2=" ">
    <subfield code="c">12891</subfield>
    <subfield code="d">12891</subfield>
  </datafield>
</record>
